000 00404cam a2200169ua 4500
020 _c2.00
041 _aeng
_h
082 _a547
_bDEV/EL
100 _aDevadasan, P .
245 _aElementary organic chemistry /
_cP Devadasan.
_hTextual Documents
260 _aChennai :
_bS.Viswanathan ,
_c1959.
300 _a74 ; .
365 _a2.00
504 _a
942 _cBK
999 _c10477
_d10477